NFL Cleveland Browns 2022-2023 Active Roster - Statistics

General Stats
  • This quiz has been taken 316 times
  • The average score is 23 of 62
Answer Stats
Hint Answer % Correct
QB Deshaun Watson
99%
RB Nick Chubb
95%
WR Amari Cooper
89%
RB Kareem Hunt
87%
DE Myles Garrett
85%
TE David Njoku
83%
QB Jacoby Brissett
83%
WR Donovan Peoples-Jones
81%
CB Denzel Ward
80%
G Joel Bitonio
67%
FS John Johnson III
66%
RB D'Ernest Johnson
65%
G Wyatt Teller
63%
DE Jadeveon Clowney
57%
CB Greg Newsome II
56%
RB Jerome Ford
55%
T Jedrick Wills Jr.
53%
K Cade York
50%
DT Taven Bryan
50%
TE Harrison Bryant
49%
WR David Bell
48%
FS D'Anthony Bell
46%
T Jack Conklin
46%
LB Anthony Walker Jr.
44%
QB Joshua Dobbs
43%
C Nick Harris
41%
SS Grant Delpit
40%
WR Anthony Schwartz
39%
C Ethan Pocic
37%
CB Greedy Williams
36%
CB Martin Emerson Jr.
36%
LB Sione Takitaki
36%
SS Ronnie Harrison Jr.
28%
CB AJ Green
27%
QB Kellen Mond
26%
P Corey Bojorquez
25%
WR Demetric Felton Jr.
25%
LB Jeremiah Owosu-Koramoah
24%
T James Hudson III
21%
LS Charley Hughlett
20%
DE Isaiah Thomas
18%
LB Jacob Phillips
18%
WR Michael Woods II
18%
WR Jakeem Grant Sr.
17%
DT Jordan Elliott
17%
DE Alex Wright
16%
DT Perrion Winfrey
16%
DE Chase Winovich
13%
DT Tommy Togiai
13%
LB Tony Fields II
12%
T Chris Hubbard
11%
TE Jesse James
10%
C Michael Dunn
10%
G Hjalte Froholdt
8%
T Joe Haeg
4%
CB Thomas Graham Jr.
4%
FS Richard LeCounte III
3%
DE Chris Odom
2%
WR Isaiah Weston
2%
DE Stephen Weatherly
2%
C Dawson Deater
0%
T Elijah Nkansah
0%
No matching quizzes found
Score Distribution
Percent of People with Each Score
Percentile by Number Answered
Your Score History
You have not taken this quiz